LEADER 01055nas 2200361 450 001 990003488310203316 005 20120314162202.0 011 $a0218-1967 035 $a000348831 035 $aUSA01000348831 035 $a(ALEPH)000348831USA01 035 $a000348831 100 $a20110124a----9999km-y-itay50------ba 101 0 $aeng 102 $aSG 110 $aagazz--|||| 200 1 $aInternational journal of algebra and computation 210 $aSingapore$cWorld Scientific 215 $av.$cill.$d24 cm 300 $aComincia nel 1991 300 $aDescrizione basata su Vol.13, n.1(2003)- 326 $aBimestrale 606 0 $aAlgebra$xPeriodici$2BNCF 676 $a512.05 801 0$aIT$bsalbc$gISBD 912 $a990003488310203316 958 $aSCO$bPER II$c1999-2010; 959 $aSE 979 $aCIANATIEMP$b90$c20110124$lUSA01$h1241 979 $aCIANATIEMP$b90$c20110127$lUSA01$h1130 979 $aANGELA$b90$c20120314$lUSA01$h1622 996 $aInternational journal of algebra and computation$9793596 997 $aUNISA LEADER 00963nam0-22003371i-450- 001 990003161240403321 010 $a0-03-050641-7 035 $a000316124 035 $aFED01000316124 035 $a(Aleph)000316124FED01 035 $a000316124 100 $a20000920d1979----km-y0itay50------ba 101 0 $aita 102 $aIT 200 1 $aPopulation Redistribution in the USSR$eIts Impact on Society, 1897-1977$fRobert A. Lewis, Richard H. Rowland. 210 $aNew York$cFrederick A. Praeger$d1979. 215 $axx, 485 p.$cill.$d24 cm 610 0 $aMigrazioni$aUnione Sovietica 676 $a15600 676 $aE/4.3 676 $aF/1.7 702 1$aLewis,$bRobert A. 702 1$aRowland,$bRichard H. 801 0$aIT$bUNINA$gRICA$2UNIMARC 901 $aBK 912 $a990003161240403321 952 $aF/1.7 LEW/79$b3933$fSES 959 $aSES 996 $aPopulation Redistribution in the USSR$9458904 997 $aUNINA DB $aING01